000
00263nam a2200109Ia 4500
008
231129s1974||||xx |||||||||||||| ||spa||
082
_a
986.132 P649e
245
0
_a
Empresas Públicas de Pereira
260
_c
1974
264
_a
Pereira : Stella
942
_2
ddc
_c
BKS
999
_c
12827
_d
12827